000 00564nam a2200193Ia 4500
003 GCL
008 140319s9999 xx 000 0 ara d
040 _aGCL /
_cGCL
082 0 4 _a810.9
_bم ت
100 1 _aمحمود ذهنى
245 1 0 _aتذوق الادب: طرقة ووسائله /
_cمحمود ذهنى
260 _a[S.N] :
_bمكتبة الانجلوالمصرية ،
_c1989
300 _a422 ص
490 _a
650 0 4 _aالادب العربى
650 0 4 _aالمذاهب الادبية
650 0 4 _aتاريخ ونقد
942 _2ddc
_cBK
999 _c32724
_d32724